000 00908cam a2200253 a 4500
001 000013386
005 20200929163219.0
008 721115m19699999ve b 000 0 spa
040 _aDO-SdBNP
_bspa
_cBNPHU
082 _a330.987
_bR185c, 1969-
100 1 _aRangel, Domingo Alberto.
_930628
245 1 0 _aCapital y desarrollo /
_cDomingo Alberto Rangel.
260 _aCaracas :
_bUniversidad Central de Venezuela. Facultad de Ciencias Económicas y Sociales,
_c1969-.
300 _av. ;
_c22 cm.
490 1 _aLibros
_v2
500 _aLa biblioteca posee el tomo 2
505 0 _gt. 1.
_tLa etapa agraria --
_gt.2.
_tEl rey petroleo.
650 4 _aCapital
_zVenezuela
_930629
650 4 _aPetróleo
_zVenezuela
_930630
651 4 _aVenezuela
_xCondiciones Económicas
_97472
650 4 _aDesarrollo económico y social
_97372
830 0 _aLibros ;
_v2
_930631
910 _aValidado. Control de calidad MFF
999 _c13012
_d13012